| 000 | 07523nam a22006857a 4500 | ||
|---|---|---|---|
| 005 | 20090119143636.0 | ||
| 010 | _aB-344732-764 B-444738 | ||
| 020 |
_a8170118611 _c100.00 |
||
| 020 |
_a9798170118618 _c100.00 |
||
| 035 | _aB-344732-764 | ||
| 035 | _aB-357739 B-444738 | ||
| 037 | _bTarun Books | ||
| 082 | _aS | ||
| 245 |
_aIndian folk tales / _cedited by Geeta Manon; illustrated by Prithvishwar Gayen |
||
| 260 |
_aNew Delhi _bChildren Book Trust _c2008 (repr.) |
||
| 270 |
_aNehru House, 4 Bahadur Shah Marg _bNew Delhi _e110002 _k23316970-74 _l23721090 _mcbtnd@vsnl.com |
||
| 300 |
_a128p. _c24cm. (Hb) _bill. |
||
| 700 |
_aMenon, Geeta _936095 |
||
| 700 |
_aPrithvishwar Gayen _936096 |
||
| 366 | _b2008 | ||
| 942 |
_2ddc _cCH _hS _mIND |
||
| 999 |
_c21724 _d21724 |
||